| 000 | 00963nam a22001937a 4500 | ||
|---|---|---|---|
| 005 | 20231005163832.0 | ||
| 010 | _aB-755698 CHHN 23.8.23 | ||
| 020 |
_a9789392325007 _c350.00 |
||
| 035 | _aB-755698 | ||
| 037 | _aअनुराग प्रकाशन | ||
| 082 | _aक | ||
| 100 |
_aवर्मा,पवन कुमार _957706 |
||
| 245 |
_aमटके वाली कुल्फी/ _cपवन कुमार वर्मा |
||
| 260 |
_aनई दिल्ली _bअनुराग प्रकाशन _c2021 |
||
| 270 |
_a4760-61, द्वितीय तल 23, अंसारी रोड , दरियागंज _bनई दिल्ली _e110002 |
||
| 300 |
_a104पृ.: _bसचित्र _c22सेमी(साज्लिद) |
||
| 942 |
_2ddc _cCH _hक _mवर्माप |
||
| 999 |
_c198713 _d198713 |
||